| 000 | 00385cam a2200133ua 4500 | ||
|---|---|---|---|
| 041 |
_aeng _h |
||
| 082 |
_a516.06 _bBEL/CO |
||
| 100 | _aBell, Robert J T . | ||
| 245 |
_aCoordinative solid geometry / _cRobert J T Bell. _hTextual Documents |
||
| 260 |
_aMelbourne,London : _bMacMillan and Company Limited , _c1960. |
||
| 300 |
_a214 : _b506 ; . |
||
| 942 | _cBK | ||
| 999 |
_c10590 _d10590 |
||